000 00684nam a2200241Ia 4500
003 OSt
005 20221005093235.0
006 a|||||r|||| 00| 0
007 ta
008 221004b |||||||| |||| 00| 0 eng d
024 _a122266
037 _bGift, 27/10/2012,
_cTextual
040 _aCRL
_cCRL
_beng
041 _2eng
_aeng
082 _aY.434:5, N3
100 _aKothari Rajni
245 0 _aGrowing amnesia
_b An essay on poverty and the human consciousness
260 _aNew York
_bViking USA
_c1993
300 _a285p.
_ccm.
650 _aSOCIOLOGY
942 _hY.434:5, N3
_cTEXL
_2cc
999 _c1000035
_d1000035